| 000 | 01552ntm a2200253 a 4500 | ||
|---|---|---|---|
| 001 | 37196 | ||
| 003 | BD-RjUL | ||
| 005 | 20211209052604.0 | ||
| 008 | 141111s2013 bg ||||| m||| 00| e ben d | ||
| 035 | _a(BD-RjUL)37298 | ||
| 040 |
_aBD-RjUL _bben _cBD-RjUL _dBD-RjUL |
||
| 041 | _aben | ||
| 082 |
_223 _a781.690904 _bPRB 2013প |
||
| 100 |
_aপ্রামানিক, বাদল কুমার _9113862 |
||
| 245 |
_aবাংলা রাগপ্রধান গানের উদ্ভব ও বিকাশ : _bবিংশ শতক / _cবাদল কুমার প্রামানিক. _6তত্ত্বাবধায়ক : অসিত রায়. |
||
| 260 |
_aরাজশাহী : _bনাট্যকলা ও সংগীত বিভাগ, রাজশাহী বিশ্ববিদ্যালয়, _c২০১৩ |
||
| 300 |
_a[৪], ১৮৭ পাতা ; _c২৯ সেমি. |
||
| 502 | _aথিসিস ( পিএইচ.ডি.)--নাট্যকলা ও সঙ্গীত বিভাগ, রাজশাহী বিশ্ববিদ্যালয়,২০১৩. | ||
| 504 | _aগ্রন্থপঞ্জি পাতা : ১৮৬-১৮৭. | ||
| 650 |
_aবাংলা রাগপ্রধান সংগীত _xইতিহাস _y১৯০০-১৯৯৯ _9113872 |
||
| 650 |
_aBengali Classical Music _vHistory _y1900-1999 _9113881 |
||
| 700 |
_aরায়, অসিত, তত্ত্বাবধায়ক _9113864 |
||
| 942 |
_2ddc _cTHE |
||
| 999 |
_c37196 _d37196 |
||